| 000 | 01294nam a2200289Ia 4500 | ||
|---|---|---|---|
| 999 |
_c53817 _d53817 |
||
| 001 | 20868 | ||
| 003 | GE_BSU | ||
| 005 | 20210525181305.0 | ||
| 008 | 181216s ||||ge |||||||||||||| ||geo|| | ||
| 020 | _a9789941061660 | ||
| 040 | _cGE_BSU | ||
| 041 | _ageo | ||
| 080 | _a801.6+82.0 ა-80 | ||
| 100 |
_aარისტოტელე _911894 |
||
| 245 |
_aპოეტიკა / _cარისტოტელე ; მთარგმნ. : ნინა და მარინა თურმანიძეები. რედ. თამაზ თურმანიძე. |
||
| 264 |
_aთბილისი : _bპეგა, _c2013. |
||
| 300 |
_a124 გვ. ; _c21 სმ. |
||
| 500 | _aგანმარტებები გვ. 103-119 | ||
| 541 | _h6ლ.21თ. | ||
| 653 | _aლიტრატურა, ლიტარატურათმცოდნეობა | ||
| 653 | _aპოეზიის თეორია | ||
| 653 | _aპოეტიკა | ||
| 700 |
_a თურმანიძე, ნინა _eმთარგმნელი _911895 |
||
| 700 |
_aთურმანიძე, მარინა _eმთარგმნელი _911864 |
||
| 700 |
_aთურმანიძე, თამაზ _eრედაქტორი _911865 |
||
| 942 |
_cBK _2udc |
||